LEADER 01280nam 2200397 450 001 9910793987903321 005 20191108192128.0 010 $a1-78969-257-1 035 $a(CKB)4100000009587929 035 $a(MiAaPQ)EBC5940172 035 $a(EXLCZ)994100000009587929 100 $a20191108d2019 uy 0 101 0 $aeng 135 $aurcnu|||||||| 181 $ctxt$2rdacontent 182 $cc$2rdamedia 183 $acr$2rdacarrier 200 10$aMaritime-related cults in the coastal cities of Philistia during the Roman period $elegacy and change /$fSimona Rodan 210 1$aSummertown, Oxford :$cArchaeopress Publishing Ltd,$d[2019] 210 4$dİ2019 215 $a1 online resource (220 pages) $cillustrations 225 1 $aArchaeopress Roman archaeology ;$vVolume 60 311 $a1-78969-256-3 410 0$aArchaeopress Roman archaeology ;$vVolume 60. 606 $aCults$zRome 607 $aMediterranean Region$xReligion 615 0$aCults 676 $a292.07 700 $aRodan$b Simona$01476433 801 0$bMiAaPQ 801 1$bMiAaPQ 801 2$bMiAaPQ 906 $aBOOK 912 $a9910793987903321 996 $aMaritime-related cults in the coastal cities of Philistia during the Roman period$93815498 997 $aUNINA LEADER 01636oam 2200541zu 450 001 9910140015503321 005 20251116163419.0 010 $a3-527-62658-1 035 $a(CKB)1000000000820642 035 $a(SSID)ssj0000353994 035 $a(PQKBManifestationID)11280739 035 $a(PQKBTitleCode)TC0000353994 035 $a(PQKBWorkID)10302350 035 $a(PQKB)11397709 035 $a(EXLCZ)991000000000820642 100 $a20160829d2009 uy 101 0 $aeng 181 $ctxt 182 $cc 183 $acr 200 00$aChemoprevention of cancer and DNA damage by dietary factors 210 31$a[Place of publication not identified]$cWiley VCH$d2009 300 $aBibliographic Level Mode of Issuance: Monograph 311 08$a3-527-32058-X 606 $aNeoplasms$xdrug therapy 606 $aChemoprevention$xmethods 606 $aDNA Damage 606 $aDiet Therapy 606 $aAnticarcinogenic Agents 606 $aMicronutrients$xtherapeutic use 606 $aOncology$2HILCC 606 $aMedicine$2HILCC 606 $aHealth & Biological Sciences$2HILCC 615 12$aNeoplasms$xdrug therapy. 615 22$aChemoprevention$xmethods. 615 22$aDNA Damage. 615 22$aDiet Therapy. 615 22$aAnticarcinogenic Agents. 615 22$aMicronutrients$xtherapeutic use. 615 7$aOncology 615 7$aMedicine 615 7$aHealth & Biological Sciences 702 $aKnasmu?ller$b Siegfried 801 0$bPQKB 906 $aBOOK 912 $a9910140015503321 996 $aChemoprevention of cancer and DNA damage by dietary factors$92238752 997 $aUNINA